000 00547nam a2200217 a 4500
001 0001-2096
003 ELIB.Books
008 190723 2010 eng
020 _a10: 0801026261
092 _a266
_bGla
100 _aGlasser, Arthur F.
245 _aAnnouncing the Kingdom
260 _aGrand Rapids
_bBaker Academic
_c2008
300 _a400
_c20.5cm
650 _aMission
856 _nKBTS Library
_uKBTS Elib
942 _2ddc
_cBK
990 _a3
998 _aEnglishbooks.elf
_ccat
_e2019-07-23
999 _c12096
_d12096